Memoirs from the house of the dead. (Record no. 1073)
[ view plain ]
| 000 -LEADER | |
|---|---|
| fixed length control field | 00398nam a2200121 4500 |
| 082 ## - DEWEY DECIMAL CLASSIFICATION NUMBER | |
| Classification number | 891.733 |
| Item number | DOS/Cou |
| 100 ## - MAIN ENTRY--PERSONAL NAME | |
| Personal name | Dostoevsky, F.M |
| 245 ## - TITLE STATEMENT | |
| Title | Memoirs from the house of the dead. |
| Statement of responsibility, etc. | by F.M.Dostoevsky and translated from the Russian by Jessie Coulson. |
| 260 ## - PUBLICATION, DISTRIBUTION, ETC. | |
| Place of publication, distribution, etc. | London |
| Name of publisher, distributor, etc. | Oxford Unversity Press |
| Date of publication, distribution, etc. | 1965 |
| 300 ## - PHYSICAL DESCRIPTION | |
| Extent | xiii,361p.; 15cm |
| 490 ## - SERIES STATEMENT | |
| Series statement | Worlds classics;no.597 |
| 710 ## - ADDED ENTRY--CORPORATE NAME | |
| Corporate name or jurisdiction name as entry element | Coulson, Jessie |
| Withdrawn status | Lost status | Damaged status | Not for loan | Collection code | Home library | Current library | Date acquired | Total Checkouts | Full call number | Barcode | Date last seen | Date last checked out | Price effective from | Koha item type |
|---|---|---|---|---|---|---|---|---|---|---|---|---|---|---|
| ENGLISH | North Eastern Hill University | North Eastern Hill University | 18/11/2011 | 4 | 891.733 DOS/Cou | A42 | 10/03/2025 | 28/02/2025 | 18/11/2011 | Books |
